01354nam a2200373 a 450000100060000000300080000600500170001400600190003100700150005000800410006502000180010603500230012403500240014703500250017103500210019604000260021705000270024308000110027008200120028110000330029324501750032626000390050130000110054053301640055165000230071565000220073865000300076065500270079070000400081770000250085771000190088285600620090199900170096398548FlNmELB20241217172751.0m o d | cr cn|||||||||130906s2006 sp s 000 0 cat d z9788490297315 a(MiAaPQ)EBC3209457 a(Au-PeEL)EBL3209457 a(CaPaEBR)ebr10665207 a(OCoLC)929415520 aFlNmELBbspacFlNmELB 4aQA76.9.C64bC3343 2006 a001.9204a0042231 aCasacubierta Sevilla, David.12aL'alfabetització digital en els processos d'inclusió socialh[recurso electronico]cDavid Casacubierta Sevilla, Antonio Jesís Collado Bolívar, Eva Ortoll Espinet. aBarcelona :bEditorial UOC,c2006. a259 p. aRecurso electrónico. Santa Fe, Arg.: e-libro, 2015. Disponible vía World Wide Web. El acceso puede estar limitado para las bibliotecas afiliadas a e-libro. 0aComputer literacy. 0aSocial inclusion. 4aAlfabetización digital. 4aLibros electrónicos.1 aCollado Bolívar, Antonio Jesús.1 aOrtoll Espinet, Eva.2 ae-libro, Corp.40uhttps://elibro.net/ereader/politecnicointernacional/56669 c98548d98548